Diferenciálna diagnostika čiastočne kompenzovaných porúch acidobázickej rovnováhy

Bibliographic Details
Main Authors: Dzúrik, Rastislav, 1929-2014 (Author), Kováč, Gustáv, 1947- (Author), Jediná, V. (Author), Šimková, O. (Author)
Format: Article
Language:Slovak
PhysicalDescription:Obr. 1. Tb. 5. Res. rus., nem., angl., lit. 6 zázn. v slov., angl., nem.
Subjects:

MARC

LEADER 00000nab a2200000 a 4500
001 vtls000262988
003 SK-MaSNL
005 20260304053438.0
008 250422c1986 xo 0 slo
015 |a SNBRB19rr/mm-uuuuu 
035 |a CL0273102 
035 |a urn:nbn:sk:snk-ab6l2g 
035 |a (uuid)274796a7-1c08-47d5-895c-e35cbd53d340 
035 |a (urnnbn)urn:nbn:sk:snk:ar-005fxp 
035 |a (sysno)vtls000262988 
040 |a SNKBUCL  |b slo  |c SNKBUCL  |e AACR2 
041 0 |a slo 
044 |a xo  |c SK 
080 |a 616.152.11-079.4  |2 1981 
245 0 0 |a Diferenciálna diagnostika čiastočne kompenzovaných porúch acidobázickej rovnováhy  |c R. Dzúrik, G. Kováč, V. Jediná, O. Šimková 
300 |b Obr. 1. Tb. 5. Res. rus., nem., angl., lit. 6 zázn. v slov., angl., nem. 
650 0 7 |a acidobáza  |2 snkbucl  |9 554474 
655 7 |a články z novín a časopisov  |2 snkbucl  |9 267496 
700 1 |a Dzúrik, Rastislav,  |d 1929-2014  |4 aut  |9 13378 
700 1 |a Kováč, Gustáv,  |d 1947-  |4 aut  |9 197579 
700 1 |a Jediná, V.  |4 aut  |9 1337696 
700 1 |a Šimková, O.  |4 aut  |9 1171380 
773 0 |t Lekársky obzor  |g Roč. 35, č. 10 (1986), s. 551-555 
850 |a Slovenská národná knižnica 
852 |a Slovenská národná knižnica 
954 |a odborná, vedecká literatúra pôvodná (slovenská)  |2 lita 
958 |a article2022 
958 |a OND 
958 |a NB 
958 |a RK 
958 |a MI 
958 |a EUIPO 
992 |a RBX 
999 |c 2713359  |d 2715289